Top Scorers La Liga (2003-2023) - Statistics

General Stats
  • This quiz has been taken 78 times
  • The average score is 17 of 20
Answer Stats
Season Player % Correct
2014-2015 Cristiano Ronaldo
100%
2013-2014 Cristiano Ronaldo
100%
2010-2011 Cristiano Ronaldo
100%
2020-2021 Lionel Messi
100%
2019-2020 Lionel Messi
100%
2018-2019 Lionel Messi
100%
2017-2018 Lionel Messi
100%
2016-2017 Lionel Messi
100%
2012-2013 Lionel Messi
100%
2011-2012 Lionel Messi
100%
2009-2010 Lionel Messi
100%
2003-2004 Ronaldo
94%
2021-2022 Karim Benzema
91%
2015-2016 Luis Suárez
88%
2022-2023 Robert Lewandowski
71%
2005-2006 Samuel Eto'o
66%
2008-2009 Diego Forlán
51%
2004-2005 Diego Forlán
51%
2006-2007 Ruud van Nistelrooy
44%
2007-2008 Dani Güiza
25%
No matching quizzes found
Score Distribution
Percent of People with Each Score
Percentile by Number Answered
Your Score History
You have not taken this quiz